[Event "Kreuzberg 2000"]
[Site "Berlin"]
[Date "2000.07.29"]
[Round "8"]
[White "Matthaeus, Thomas"]
[Black "Palfinger, Wolfgang"]
[Result "0-1"]
[WhiteElo "1587"]
[BlackElo "1936"]
[PlyCount "134"]
[EventDate "2000.07.??"]
[EventType "swiss"]
[EventRounds "9"]
[EventCountry "GER"]
[SourceTitle "EXT 2001"]
[Source "ChessBase"]
[SourceDate "2000.11.22"]
[SourceVersion "1"]
[SourceVersionDate "2000.11.22"]
[SourceQuality "1"]

1. d4 d5 2. c4 c6 3. Nc3 Nf6 4. Bg5 e6 5. Nf3 Nbd7 6. h3 Bd6 7. a3 0-0 8. e4 dxe4 9. Nxe4 Be7 10. Nxf6+ Nxf6 11. Bd3 h6 12. Bd2 c5 13. Bc3 cxd4 14. Bxd4 b6 15. 0-0 Bb7 16. Be3 Be4 17. Bxe4 Nxe4 18. Qe2 Nf6 19. Rfd1 Qc7 20. Rac1 Rfd8 21. Rxd8+ Rxd8 22. Qc2 Rc8 23. b4 a5 24. Qb3 Nd7 25. Rd1 Bf6 26. Rc1 axb4 27. axb4 Ne5 28. Bf4 Nxf3+ 29. Qxf3 Be5 30. Bxe5 Qxe5 31. Qc3 Qxc3 32. Rxc3 Kf8 33. Kf1 Ke7 34. Ke2 e5 35. Kd3 f5 36. f3 Kd6 37. Ke3 Rc7 38. Rc2 Ra7 39. Kd2 g5 40. Ke3 Ra4 41. Rb2 Ra3+ 42. Ke2 Rc3 43. Rd2+ Ke6 44. c5 bxc5 45. bxc5 Rxc5 46. Rd8 Rc2+ 47. Kf1 Rc6 48. Rf8 e4 49. fxe4 fxe4 50. Ke2 Ke5 51. g3 Rc2+ 52. Kf1 Rh2 53. Re8+ Kd4 54. Rd8+ Ke3 55. h4 gxh4 56. g4 Kf3 57. Kg1 Rg2+ 58. Kf1 Rxg4 59. Rd6 h3 60. Rxh6 Kg3 61. Kg1 e3 62. Rh7 e2 63. Re7 Kf3+ 64. Kh2 Re4 65. Rf7+ Ke3 66. Kxh3 e1Q 67. Rf3+ Kxf3 0-1

[Event "Kreuzberg 2000"]
[Site "Berlin"]
[Date "2000.07.27"]
[Round "6"]
[White "Matthaeus, Thomas"]
[Black "Fiedler, Roland"]
[Result "1-0"]
[WhiteElo "1587"]
[BlackElo "1690"]
[PlyCount "89"]
[EventDate "2000.07.??"]
[EventType "swiss"]
[EventRounds "9"]
[EventCountry "GER"]
[SourceTitle "EXT 2001"]
[Source "ChessBase"]
[SourceDate "2000.11.22"]
[SourceVersion "1"]
[SourceVersionDate "2000.11.22"]
[SourceQuality "1"]

1. d4 d5 2. c4 e6 3. Nc3 Nf6 4. Nf3 c5 5. cxd5 Nxd5 6. Nxd5 Qxd5 7. e3 Nc6 8. Bb5 Bd7 9. 0-0 a6 10. Bxc6 Bxc6 11. dxc5 Qxc5 12. Nd4 Rd8 13. Qb3 Bd5 14. Qa4+ Bc6 15. Nxc6 Qxc6 16. Qxc6+ bxc6 17. b3 Be7 18. Bb2 Bf6 19. Bxf6 gxf6 20. Rfd1 Ke7 21. Kf1 Rhg8 22. g3 Rg5 23. Rxd8 Kxd8 24. Rc1 Kc7 25. Rc3 h5 26. Ke2 Kb6 27. e4 Rc5 28. Kd3 Rxc3+ 29. Kxc3 a5 30. f3 f5 31. e5 f4 32. gxf4 h4 33. h3 c5 34. Kd3 Kc6 35. Kc4 Kb6 36. f5 Kc6 37. fxe6 fxe6 38. f4 Kb6 39. f5 exf5 40. Kd5 Kc7 41. Kxc5 f4 42. Kd4 f3 43. Ke3 f2 44. Kxf2 Kd7 45. Ke3 1-0

[Event "Kreuzberg 2000"]
[Site "Berlin"]
[Date "2000.07.24"]
[Round "3"]
[White "Uckar, Klaudijo"]
[Black "Matthaeus, Thomas"]
[Result "1-0"]
[WhiteElo "1799"]
[BlackElo "1587"]
[PlyCount "117"]
[EventDate "2000.07.??"]
[EventType "swiss"]
[EventRounds "9"]
[EventCountry "GER"]
[SourceTitle "EXT 2001"]
[Source "ChessBase"]
[SourceDate "2000.11.22"]
[SourceVersion "1"]
[SourceVersionDate "2000.11.22"]
[SourceQuality "1"]

1. e4 c5 2. Nf3 d6 3. d4 cxd4 4. Nxd4 g6 5. Nc3 Nf6 6. Be2 Bg7 7. Be3 Nc6 8. Qd2 Ng4 9. Nxc6 bxc6 10. Bd4 Nf6 11. f3 Qc7 12. g4 e5 13. Be3 h5 14. g5 Nd7 15. 0-0-0 Ke7 16. Bc4 Rf8 17. Qf2 Nb6 18. Bb3 Be6 19. Rxd6 Kxd6 20. f4 Kd7 21. f5 Bxb3 22. axb3 Kc8 23. Bc5 Kb7 24. f6 Bh8 25. Be7 Rfe8 26. Qc5 Rxe7 27. fxe7 Re8 28. Na2 Qxe7 29. Qa5 Rd8 30. Nb4 Rd6 31. h4 Qc7 32. Na6 Qd8 33. Rf1 Ka8 34. c4 Qe7 35. c5 Rd4 36. cxb6 axb6 37. Qxb6 Qb7 38. Qa5 Qa7 39. Nc7+ Kb8 40. Qxa7+ Kxa7 41. Rxf7 Rxe4 42. Rh7 Rxh4 43. Rxh8 Rg4 44. Ne6 h4 45. Kd2 Rg2+ 46. Kc3 Rg3+ 47. Kc4 Kb6 48. b4 Rg4+ 49. Kb3 Rg3+ 50. Ka4 h3 51. Rh4 Kb7 52. Ka5 Kc8 53. Rh7 Rb3 54. Nc5 Rxb2 55. Rxh3 Kc7 56. Rh7+ Kd8 57. Rg7 Re2 58. Rxg6 Kc7 59. Rg7+ 1-0

[Event "Kreuzberg 2000"]
[Site "Berlin"]
[Date "2000.07.23"]
[Round "2"]
[White "Matthaeus, Thomas"]
[Black "Fischer, Anke"]
[Result "0-1"]
[WhiteElo "1587"]
[BlackElo "1849"]
[PlyCount "94"]
[EventDate "2000.07.??"]
[EventType "swiss"]
[EventRounds "9"]
[EventCountry "GER"]
[SourceTitle "EXT 2001"]
[Source "ChessBase"]
[SourceDate "2000.11.22"]
[SourceVersion "1"]
[SourceVersionDate "2000.11.22"]
[SourceQuality "1"]

1. d4 Nf6 2. c4 e6 3. Nc3 d5 4. Nf3 Be7 5. Qc2 Nbd7 6. h3 b6 7. Bf4 a6 8. cxd5 exd5 9. e3 Bb7 10. Bd3 c5 11. Qe2 0-0 12. Rc1 Re8 13. 0-0 Ne4 14. Bb1 Ndf6 15. Nxe4 dxe4 16. Nd2 cxd4 17. exd4 Qxd4 18. Nb3 Qd7 19. Rc7 Qf5 20. Bh2 Bd5 21. Nd4 Qg5 22. Kh1 b5 23. b3 Rac8 24. Qc2 Rxc7 25. Qxc7 Bf8 26. Bf4 Qh5 27. Re1 g6 28. Bc2 g5 29. Bd1 Qg6 30. Bd6 Bg7 31. Nc6 Bxc6 32. Qxc6 Qf5 33. f3 e3 34. Bc2 Qe6 35. Qc5 Rc8 36. Bf5 Rxc5 37. Bxe6 Rc6 38. Bxf7+ Kxf7 39. Be5 Re6 40. Bd4 e2 41. Kg1 Nd5 42. Bxg7 Kxg7 43. a4 Nf4 44. axb5 axb5 45. Rc1 e1Q+ 46. Kh2 Qxc1 47. b4 Qd2 0-1